Statystyki dla 5 największych miast w podanych krajach.

Kliknij tutaj aby rozwiązać quiz!

Ogólne statystyki

  • Ten quiz został rozwiązany 87 razy
  • Średni wynik to 8 z 25

Statystyki odpowiedzi

% Poprawnych
RosjaMoskwa
95%
UkrainaKijów
94%
RosjaPetersburg
83%
ChinyPekin
80%
BrazyliaRio de Janeiro
69%
ChinySzanghaj
60%
ArgentynaBuenos Aires
58%
BrazyliaSao Paulo
57%
ChinyKanton
32%
RosjaWołgograd
28%
BrazyliaBelo Horizonte
17%
ArgentynaRosario
17%
RosjaUfa
16%
BrazyliaManaus
11%
BrazyliaSalvador
11%
UkrainaSewastopol
11%
ArgentynaKordoba
9%
UkrainaKrzywy Róg
6%
ChinyTiencin
5%
ArgentynaTucuman
4%
ArgentynaMendoza
2%
ChinyShenzhen
2%
RosjaTiumeń
1%
UkrainaMakiejewka
0%
UkrainaGorłówka
0%

Rozkład punktacji

Percentyl według liczby udzielonych odpowiedzi

Procent ludzi z każdym wynikiem

Twoja historia wyników

Nie rozwiązałeś tego quizu